Statistics for European Countries Belonging to the Romance Language Family

Click here to take the quiz!

General Stats

  • This quiz has been taken 103 times
  • The average score is 9 of 10

Answer Stats

Answer% Correct
Spain
100%
France
100%
Italy
98%
Portugal
98%
Andorra
93%
San Marino
92%
Vatican City
92%
Romania
90%
Monaco
86%
Moldova
52%

Score Distribution

Percentile by Number Answered

Percent of People with Each Score

Your Score History

You have not taken this quiz